000 nam a22 a 4500
999 _c947
_d947
003 AKMAL
005 20170508095059.0
008 170508s1997 my 00 may d
020 _a9830461394 (kkt.):
_cRM 10.00
040 _aAKMAL
082 0 4 _a297.215 NUR
090 _a297.215
_bNUR
100 0 _aNurun Nasuha
_91952
245 1 0 _a1001 impian rangkaian kisah-kisah bidadari /
_cNurun Nasuha M.A ; susunan Abu Qamar Salahuddin
260 _aKuala Lumpur :
_bDarul Nu'man,
_c1997
300 _axvi, 254ms. ;
_c21cm
650 _aIslamic stories, Malay
_91556
700 0 _aAbu Qamar Salahuddin
_91953
740 2 _aSeribu satu impian : rangkaian kisah-kisah bidadari
942 _2ddc
_cBOOK